Größte Städte in Polen - Statistiken

Allgemein
  • Dieses Quiz wurde 79 mal gespielt
  • Das Durchschnittsergebnis liegt bei 7 aus 10
Antwortstatistiken
Einohner Stadt % Korrekt
1.860.281 Warschau
98%
800.653 Krakau
94%
486.022 Danzig
92%
672.929 Breslau
78%
670.642 Lodz
78%
546.859 Posen
68%
396.168 Stettin
66%
334.681 Lublin
38%
337.666 Bromberg
20%
294.242 Bialystock
18%
Keine übereinstimmenden Quizze gefunden
Verteilung der Resultate
Anzahl Personen mit jedem Resultat
Perzentil nach korrekt beantworteten Fragen
Ihre Resultats-Entwicklung
Sie haben dieses Quiz noch nicht gespielt